Ministry of public works roads department annual report for the year ended... (Record no. 77692)
[ view plain ]
| 000 -LEADER | |
|---|---|
| fixed length control field | 00868nam a2200169 a 4500 |
| 008 - FIXED-LENGTH DATA ELEMENTS--GENERAL INFORMATION | |
| fixed length control field | 100209s1980 ||||||||||||||||| || u |
| 050 ## - LIBRARY OF CONGRESS CALL NUMBER | |
| Classification number | GOV.ZAM.W6(058) |
| 110 ## - MAIN ENTRY--CORPORATE NAME | |
| Corporate name or jurisdiction name as entry element | Government of the Republic of Zambia. Ministry of Public Works |
| 245 10 - TITLE STATEMENT | |
| Title | Ministry of public works roads department annual report for the year ended... |
| 260 ## - PUBLICATION, DISTRIBUTION, ETC. | |
| Place of publication, distribution, etc. | Lusaka: |
| Name of publisher, distributor, etc. | Government Printer |
| Date of publication, distribution, etc. | 1980 |
| 350 ## - | |
| -- | 0.00 |
| 500 ## - GENERAL NOTE | |
| General note | Holdings December 1977; 1979 |
| 650 ## - SUBJECT ADDED ENTRY--TOPICAL TERM | |
| Topical term or geographic name entry element | ROADS |
| 650 ## - SUBJECT ADDED ENTRY--TOPICAL TERM | |
| Topical term or geographic name entry element | PUBLIC SERVICE--ROAD MAINTENANCE--HOME AFFAIRS, ZAMBIA |
| 995 ## - | |
| -- | SPECIAL COLLECTIONS |
| -- | 0.00 |
| -- | 03005827 |
| -- | CBU-MAIN LIBRARY (Kitwe) |
| -- | 1 |
| -- | 0.00 |
| -- | GOV.ZAM.W6(058)RD/1980 |
| -- | 1977 |
| -- | AVAILABLE |
| -- | Feb 9, 2010 |
| -- | Z03005827 |
| -- | Zambiana Collection |
| 995 ## - | |
| -- | SPECIAL COLLECTIONS |
| -- | 0.00 |
| -- | 03005829 |
| -- | CBU-MAIN LIBRARY (Kitwe) |
| -- | 1 |
| -- | 0.00 |
| -- | GOV.ZAM.W6(058)RD/1980 |
| -- | 1979 |
| -- | AVAILABLE |
| -- | Feb 9, 2010 |
| -- | Z03005829 |
| -- | Zambiana Collection |
| 999 ## - | |
| -- | 77692 |
| -- | 77692 |
| Withdrawn status | Lost status | Source of classification or shelving scheme | Damaged status | Not for loan | Permanent Location | Current Location | Shelving location | Date acquired | Total Checkouts | Full call number | Barcode | Date last seen | Copy number | Price effective from | Koha item type |
|---|---|---|---|---|---|---|---|---|---|---|---|---|---|---|---|
| CBU-MAIN LIBRARY, KITWE. | CBU-MAIN LIBRARY, KITWE. | 05/03/2023 | GOV.ZAM.W6(058)RD/1980 | Z03005827 | 05/03/2023 | 1 | 05/03/2023 | SPECIAL COLLECTION | |||||||
| CBU-MAIN LIBRARY, KITWE. | CBU-MAIN LIBRARY, KITWE. | 05/03/2023 | GOV.ZAM.W6(058)RD/1980 | Z03005829 | 05/03/2023 | 2 | 05/03/2023 | SPECIAL COLLECTION |